00972nam a22002537a 4500003000900000005001700009007000300026008004100029020002300070020002300093040002500116082002300141245008300164260006000247300002400307490004000331500003400371500004400405505009000449600008000539650002300619700003600642830004000678DO-SdBNP20240316073920.0ta221003b2021 dr ||||| |||| 00| 0 spa d a9789945250107, v.3 a9789945250091, v.2 aDO-SdBNPbspacBNPHU 4aRD866.3bB598c222 0aFrancisco Gregorio Billini :bcorrespondencia /ceditor Andrés Blanco Díaz aSanto Domingo :bArchivo General de la Nación,c2021. av. :bil. ;c23 cm. aArchivo General de la Naciónv434 aIncluye índice onomástico aLa biblioteca posee el volumen 3 y v. 2 gv. 2t(Septiembre de 1884-febrero de 1885)gv. 3t(Marzo de 1985 - diciembre de 1898)14aBillinini, Francisco Gregorio,d1844-1898vCorrespondencias, memorias, etc. 4aCartas dominicanas1 aBlanco Díaz, Andréseeditor aArchivo General de la Naciónn434